|
|
|
|
| LEADER |
00000nas a2200000 i 4500 |
| 001 |
ssj0001671953 |
| 003 |
WaSeSS |
| 005 |
20200512172242.0 |
| 006 |
m d |
| 007 |
cr n |
| 008 |
151029c20159999xr fr p s 0 0eng c |
| 010 |
|
|
|a 2016236836
|z 2015215519
|
| 022 |
|
|
|a 2336-8268
|y 2336-825X
|
| 035 |
|
|
|a (WaSeSS)ssj0001671953
|
| 037 |
|
|
|a 22573/ctv21x7r7
|b JSTOR
|
| 040 |
|
|
|a GZM
|b eng
|e pn
|c AUD
|d OCLCO
|d OCLCF
|d NOC
|d OCLCO
|d VT2
|d OCLCA
|d TEF
|d UAB
|d OCL
|d HLS
|d WaSeSS
|
| 042 |
|
|
|a pcc
|
| 043 |
|
|
|a ec-----
|a ee-----
|
| 050 |
0 |
0 |
|a DAW1051
|b .P47
|
| 082 |
0 |
4 |
|a 320.9437
|2 23
|
| 130 |
0 |
|
|a New perspectives (Prague, Czech Republic)
|
| 245 |
1 |
0 |
|a New perspectives
|h [electronic resource] :
|b interdisciplinary journal of Central & East European politics and international relations.
|
| 260 |
|
|
|a Prague :
|b Institute of International Relations,
|c 2015-
|
| 310 |
|
|
|a Twice a year
|
| 362 |
1 |
|
|a Began with: Vol. 23, no. 1 (2015).
|
| 506 |
|
|
|a License restrictions may limit access.
|
| 538 |
|
|
|a Mode of access: World Wide Web.
|
| 588 |
|
|
|a Description based on: Vol. 23, no. 1 (2015); title from journal homepage (EBSCOhost Web site, viewed Sept. 7, 2016).
|
| 588 |
|
|
|a Latest issue consulted: Vol. 24, no. 1 (2016) (EBSCOhost Web site, viewed Sept. 7, 2016).
|
| 648 |
|
7 |
|a Since 1989
|2 fast
|
| 650 |
|
7 |
|a Diplomatic relations.
|2 fast
|0 (OCoLC)fst01907412
|
| 650 |
|
7 |
|a Politics and government.
|2 fast
|0 (OCoLC)fst01919741
|
| 651 |
|
0 |
|a Europe, Central
|x Politics and government
|y 1989-
|v Periodicals.
|
| 651 |
|
0 |
|a Europe, Eastern
|x Politics and government
|y 1989-
|v Periodicals.
|
| 651 |
|
0 |
|a Europe, Central
|x Foreign relations
|v Periodicals.
|
| 651 |
|
0 |
|a Europe, Eastern
|x Foreign relations
|y 1989-
|v Periodicals.
|
| 651 |
|
7 |
|a Central Europe.
|2 fast
|0 (OCoLC)fst01244544
|
| 651 |
|
7 |
|a Eastern Europe.
|2 fast
|0 (OCoLC)fst01245079
|
| 655 |
|
0 |
|a Electronic journals.
|
| 710 |
2 |
|
|a Ústav mezinárodních vztahů.
|
| 776 |
0 |
8 |
|i Print version:
|t New perspectives (Prague, Czech Republic)
|x 2336-825X
|w (DLC) 2015215519
|w (OCoLC)927152024
|
| 780 |
0 |
0 |
|t Perspectives (Prague, Czech Republic)
|x 1803-4551
|w (DLC) 2016236835
|w (OCoLC)51335988
|
| 856 |
4 |
0 |
|z Full text available from Research Library: 2015 to 6 months ago
|u https://search.proquest.com/publication/44542
|